Which Queen album this song comes from? - Statistics

General Stats
  • This quiz has been taken 26 times
  • The average score is 29 of 35
Answer Stats
Question Answer % Correct
Somebody to Love A Day at the races
100%
Who wants to live forever A kind of magic
100%
Bohemian Rhapsody A night at the opera
100%
Love of my life A night at the Opera
100%
Under pressure Hot space
100%
The show must go on Innuendo
100%
We will rock you News of the world
100%
Liar Queen
100%
The March of the black Queen Queen II
100%
Killer Queen Sheer Heart Attack
100%
Crazy little thing called Love The Game
100%
Another one bites the dust The game
100%
One vision A kind of magic
83%
'39 A night at the opera
83%
Staying power Hot space
83%
I'm going slightly mad Innuendo
83%
Don't stop me now Jazz
83%
I was born to love you Made in Heaven
83%
Mother Love Made in Heaven
83%
Keep yourself alive Queen
83%
Nevermore Queen II
83%
Invisible Man The miracle
83%
Hammer to Fall The works
83%
I want to break free The works
83%
Radio Ga Ga The works
83%
Friends will be friends A kind of magic
67%
Fat Bottomed girls Jazz
67%
Fun it Jazz
67%
Sheer heart attack News of the world
67%
I want it all The miracle
67%
Is this the World we Created...? The works
67%
It's a Hard life The works
67%
Jesus Queen
50%
Now I'm here Sheer heart attack
50%
Headlong Innuendo
33%
No matching quizzes found
Score Distribution
Percent of People with Each Score
Percentile by Number Answered
Your Score History
You have not taken this quiz